| 000 | 00701nam a22001937a 4500 | ||
|---|---|---|---|
| 999 |
_c17089 _d17089 |
||
| 003 | AR-CdUCM | ||
| 008 | 190507b ||||| |||| 00| 0 spa d | ||
| 040 |
_aMUNICIPALIDAD PROVINCIAL DEL CUSCO _cBIBLIOTECA MUNICIPAL DEL CUSCO |
||
| 082 |
_a860.8 / _bS22 |
||
| 100 |
_aSánchez y Rueda, Enrique _936922 |
||
| 245 | _aColección de trozos literarios y poéticos de los mejores autores antiguos y modernos / | ||
| 260 |
_aMadrid : _bLibrería de Jubera : Librería de Hernando, _c1902. |
||
| 300 |
_a608 páginas ; _c18 cm. |
||
| 505 | _aContenido: Literatura -- Poética. | ||
| 650 |
_aLiteratura española _9362 |
||
| 650 |
_aColecciones _9607 |
||
| 942 |
_2ddc _cLIBROS |
||
| 945 |
_aacv _d2019-05-07 |
||